00506nam a2200169 a 450008200130000010000220001324500480003526000360008330000090011950000350012850500100016365000140017370000220018794200070020995201050021699900150032100a133bFRA aFarzer, Sir James aGolden Bough: A study in magic and religion aLondonbMacmillan and Co.c1963 a756p aincludes index and biblioraphy2 aIndex aOccultism1 aFarzer, Sir James cBK 00104070aHMIbHMId2007-03-23g35.00l3o133 FRAp013549r2019-02-01s2019-01-16w2026-01-16yEB c9304d9304